Langues officielles: français ou anglais ? - Statistiques

Statistiques générales
  • Ce quiz a été pris 28 fois
    6 depuis la dernière actualisation
  • Le résultat moyen est 11 sur 20
Statistiques - réponses
Question Réponse % Correct
Togo Le français
100%
Israël Aucun des deux
75%
Malte L’anglais
75%
Côte d’Ivoire Le français
75%
Gabon Le français
75%
Monaco Le français
75%
Canada Les deux
75%
Tunisie Aucun des deux
50%
Chypre Aucun des deux
50%
Malawi L’anglais
50%
Ghana L’anglais
50%
Îles Salomon L’anglais
50%
Cameroun Les deux
50%
Vanuatu Les deux
50%
Burkina Faso Aucun des deux
25%
Égypte Aucun des deux
25%
Mali Aucun des deux
25%
Érythrée L’anglais
25%
Rwanda Les deux
25%
Seychelles Les deux
25%
Aucun quiz correspondant
Distribution des résultats
% des personnes avec chaque résultat
Percentile par nombre de réponses
Votre historique - résultats
Vous n’avez pas pris ce quiz depuis la dernière actualisation